Statistieken voor Landen die grenzen aan Niger

Klik hier om de quiz te nemen!

Algemene statistieken

  • Deze quiz is 27 keer genomen
  • De gemiddelde score is 6 van 7

Antwoordstatistieken

LengteLand% Correct
951 kmAlgerije
100%
1196 kmTsjaad
100%
838 kmMali
95%
342 kmLibië
90%
1608 kmNigeria
90%
622 kmBurkina Faso
75%
277 kmBenin
70%

Scoreverdeling

Percentiel versus Aantal Correcte Antwoorden

Procent van Mensen met Elke Score

Uw Scoregeschiedenis

U heeft deze quiz nog niet genomen